000 00781nam a22002297a 4500
999 _c156535
_d156535
005 20180920131202.0
006 a|||||f|||| 00| 0
007 tc
008 180720b xxu||||| |||| 00| 0 eng d
010 _aBR-001729-BR-001732
020 _c61.00(per set)
035 _a BR-001729
037 _bA.I.C.B.
082 _a920
100 _aGopalakrishnan, K.V.
245 _aInventors Who Revolutionised Our Lives
_c by K.V. Gopalakrishnan
260 _aDelhi
_bA.C.I.B.
_cN.D.
270 _aSector-5, Rohini,
_b New Delhi
_e110085
300 _a2V.,various pages.
_c30cm(HB).
942 _2ddc
_cBRLEN
_h920
_mGOP